[Event "14th EUR-ch"]
[Site "Legnica POL"]
[Date "2013.05.06"]
[Round "2"]
[White "Neverov, Valeriy"]
[Black "Akopian, Vladimir"]
[Result "0-1"]
[WhiteElo "2489"]
[BlackElo "2705"]
[EventDate "2013.05.05"]
[PlyCount "96"]

1.Nf3 c5 2.g3 Nc6 3.Bg2 Nf6 4.O-O d6 5.c3 e5 6.d3 Be7 7.e4 O-O 8.Nbd2 Re8 
9.a3 Rb8 10.b4 b5 11.d4 cxd4 12.cxd4 exd4 13.Bb2 Qb6 14.Nb3 Nxe4 15.Nfxd4 
Bf6 16.Nxc6 Bxb2 17.Nxb8 Bxa1 18.Qxa1 Qxb8 19.Re1 Bb7 20.Nd4 Nf6 21.Rxe8+ 
Nxe8 22.Bf1 a6 23.a4 bxa4 24.Qxa4 g6 25.Nc6 Bxc6 26.Qxc6 Nf6 27.Qf3 Nd7 
28.Qe4 Qc8 29.Qc4 Qb7 30.Bg2 Qb8 31.Bd5 Ne5 32.Qd4 Qb5 33.Kg2 Qd3 34.Qe4 
Kg7 35.Bb7 Qb5 36.f4 f5 37.Bxa6 Qxa6 38.Qd4 Qe2+ 39.Kg1 Qe1+ 40.Kg2 Qe2+ 
41.Kg1 Qd2 42.Qa7+ Nf7 43.Qa1+ Kf8 44.Qa8+ Ke7 45.Qb7+ Ke6 46.Qb6 g5 47.b5
gxf4 48.gxf4 Qxf4 0-1

[Event "14th EUR-ch"]
[Site "Legnica POL"]
[Date "2013.05.06"]
[Round "2"]
[White "Tratar, Marko"]
[Black "Wojtaszek, Radoslaw"]
[Result "1/2-1/2"]
[WhiteElo "2498"]
[BlackElo "2701"]
[EventDate "2013.05.05"]
[PlyCount "111"]

1.c4 e5 2.g3 Nc6 3.Nc3 Bc5 4.Bg2 d6 5.e3 Nf6 6.Nge2 O-O 7.O-O Re8 8.d3 Bf5
9.h3 Qd7 10.g4 Bg6 11.Ng3 h6 12.a3 a6 13.b4 Ba7 14.Bb2 Rab8 15.Rc1 Nd8 16.
Nce4 Nxe4 17.dxe4 f6 18.Qd3 Ne6 19.Rfd1 Red8 20.h4 Bf7 21.h5 b5 22.cxb5 
axb5 23.Nf5 Ng5 24.Qc2 Bb6 25.Qc6 Kf8 26.Qxd7 Rxd7 27.f3 Bb3 28.Rd2 Rbd8 
29.Kf2 d5 30.exd5 Rxd5 31.Rxd5 Rxd5 32.Bc3 Rd8 33.Bf1 c6 34.Be2 Nf7 35.Ke1
Nd6 36.Nxd6 Rxd6 37.Bd2 Ke7 38.Rb1 Bd5 39.Ra1 e4 40.f4 Bb3 41.Rc1 Be6 42.
Ra1 Bb3 43.Rc1 Ke6 44.Rc3 Bd5 45.Bd1 f5 46.Be2 Bd8 47.Rc1 Bh4+ 48.Kf1 Bf6 
49.Bc3 Rd7 50.Bxf6 Kxf6 51.Kf2 Ra7 52.Rc3 fxg4 53.Bxg4 Bc4 54.Be2 Bd5 55.
Bg4 Bc4 56.Be2 1/2-1/2

[Event "14th EUR-ch"]
[Site "Legnica POL"]
[Date "2013.05.06"]
[Round "2"]
[White "Navara, David"]
[Black "Duda, Jan-Krzysztof"]
[Result "1/2-1/2"]
[WhiteElo "2697"]
[BlackElo "2506"]
[EventDate "2013.05.05"]
[PlyCount "71"]

1.e4 c5 2.Nf3 d6 3.d4 cxd4 4.Nxd4 Nf6 5.Nc3 a6 6.Be3 e5 7.Nb3 Be6 8.h3 Be7
9.f4 exf4 10.Bxf4 Nc6 11.Qe2 Nd7 12.O-O-O Nce5 13.Kb1 O-O 14.g4 Rc8 15.Nd5
Bxd5 16.Rxd5 Nb6 17.Rd4 Nbc4 18.Qd1 b5 19.Bxc4 Nxc4 20.Rd5 Qb6 21.g5 Qf2 
22.Bc1 Ne5 23.h4 Qg2 24.Re1 Qf2 25.Rd2 Qxh4 26.Nd4 g6 27.Rh1 Qg4 28.Qf1 h5
29.Nf5 gxf5 30.exf5 Rc4 31.Rg2 Qf3 32.Rf2 Qg4 33.Rg2 Qf3 34.Rf2 Qg4 35.Rg2
Qf3 36.Rf2 1/2-1/2

[Event "14th EUR-ch"]
[Site "Legnica POL"]
[Date "2013.05.06"]
[Round "2"]
[White "Berkes, Ferenc"]
[Black "Can, Emre"]
[Result "1-0"]
[WhiteElo "2688"]
[BlackElo "2471"]
[EventDate "2013.05.05"]
[PlyCount "201"]

1.d4 g6 2.c4 Bg7 3.Nc3 Nf6 4.e4 d6 5.Nf3 O-O 6.Be2 e5 7.O-O Nbd7 8.Qc2 Nh5
9.Bg5 f6 10.Be3 Nf4 11.Bxf4 exf4 12.h3 f5 13.exf5 Rxf5 14.Rfe1 Nf8 15.Rad1
Rf7 16.c5 Be6 17.Bd3 d5 18.c6 bxc6 19.Na4 Qd6 20.Rd2 Re7 21.Rde2 Rae8 22.
Nc5 Bf7 23.Rxe7 Rxe7 24.Rxe7 Qxe7 25.Qa4 g5 26.Qxc6 h5 27.Bf5 Qe2 28.Qxc7 
Bxd4 29.Nxd4 Qd1+ 30.Kh2 Qxd4 31.Qe7 Qg7 32.Nd3 d4 33.b3 h4 34.Ne5 Bxb3 
35.Qd6 Bxa2 36.Ng4 Kh8 37.Nf6 Bf7 38.Qd8 a5 39.Nh7 Kg8 40.Nf6+ Kh8 41.Nh7 
Kg8 42.Nxf8 Qxf8 43.Qxg5+ Qg7 44.Qd8+ Qf8 45.Qg5+ Qg7 46.Qd8+ Qf8 47.Qxd4 
Qh6 48.Qd8+ Kg7 49.Qxa5 Qd6 50.Qc3+ Qf6 51.Qc5 Qb2 52.Be4 Qf6 53.Qc7 Kf8 
54.Qc8+ Kg7 55.Qg4+ Kh6 56.Qd7 Kg5 57.Qc8 Kh6 58.Qf8+ Kg5 59.Qc5+ Kh6 60.
Qc8 Kg7 61.Qc7 Kh6 62.Qd7 Kg5 63.Qd2 Kh5 64.Bd5 Bxd5 65.Qxd5+ Kh6 66.Qd1 
Qe5 67.Kg1 Qf6 68.Qa4 Qe5 69.Kf1 Kg5 70.Qd1 Kh6 71.Qg4 Qb5+ 72.Kg1 Qg5 73.
Qe6+ Qg6 74.Qe5 Qg5 75.Qb8 Qf6 76.Qa8 Qe5 77.Qa6+ Kg5 78.Kf1 Qd4 79.Qb5+ 
Kh6 80.Qb3 Kg7 81.Qc2 Kh6 82.Qb3 Kg7 83.Qf3 Qa1+ 84.Ke2 Qe5+ 85.Kd3 Kh6 
86.Kc4 Qd6 87.Qe4 Kg5 88.f3 Qa6+ 89.Kc5 Qa5+ 90.Kc6 Qa6+ 91.Kd7 Qa7+ 92.
Kd6 Qb8+ 93.Ke7 Qc7+ 94.Ke6 Qb6+ 95.Kf7 Qf6+ 96.Ke8 Kh6 97.Kd7 Kg5 98.Qe7 
Kh5 99.Qc5+ Kh6 100.Qd6 Kh5 101.g4+ 1-0

[Event "14th EUR-ch"]
[Site "Legnica POL"]
[Date "2013.05.06"]
[Round "2"]
[White "Laznicka, Viktor"]
[Black "Fodor, Tamas jr"]
[Result "1/2-1/2"]
[WhiteElo "2679"]
[BlackElo "2475"]
[EventDate "2013.05.05"]
[PlyCount "159"]

1.c4 Nf6 2.Nf3 c6 3.d4 d5 4.Nc3 e6 5.Bg5 Nbd7 6.e3 Qa5 7.cxd5 Nxd5 8.Rc1 
Bb4 9.a3 Bxc3+ 10.bxc3 h6 11.Bh4 O-O 12.e4 Nf4 13.Bg3 Ng6 14.Bd6 Re8 15.
Bd3 c5 16.O-O e5 17.Nd2 Nf4 18.Nb3 Qd8 19.Bb5 Qb6 20.Bxd7 Bxd7 21.dxe5 Ba4
22.Qf3 Ng6 23.Nxc5 Nxe5 24.Bxe5 Qxc5 25.Bd4 Qg5 26.Qd3 Bb5 27.c4 Bc6 28.f3
Rad8 29.Qc3 a6 30.Rcd1 Rd7 31.Bb6 Rxd1 32.Rxd1 f5 33.e5 f4 34.Bc7 Qf5 35.
h3 Re6 36.Kh2 Qg6 37.Kh1 Qf5 38.Rd8+ Kh7 39.Rd4 Rg6 40.Rd6 Re6 41.Rd4 Rg6 
42.Rd6 Re6 43.Rxe6 Qxe6 44.Qd4 Qf5 45.Ba5 g5 46.Kh2 Qd7 47.Qc5 Qe6 48.Bc3 
Kg8 49.Bb4 Kh7 50.Qd4 Qd7 51.Bd6 Kg6 52.Qd3+ Qf5 53.Qe2 Kf7 54.Bb4 Qe6 55.
Bc3 Kg7 56.Qd3 Kg8 57.Qd8+ Kh7 58.Bb2 Kg6 59.Bd4 Kh7 60.Bb2 Kg6 61.Qh8 h5 
62.Kg1 h4 63.Kh2 Ba4 64.Bc3 Bb3 65.Bb4 Bxc4 66.Bf8 Qf7 67.Qh6+ Kf5 68.Bg7 
Be6 69.Bf6 Qg6 70.Qf8 Qg8 71.Qb4 Bd5 72.Qd6 Kg6 73.Qe7 Qf7 74.Qd8 Qg8 75.
Qd7 Kh6 76.a4 Kg6 77.a5 Kh6 78.Qe7 Bxf3 79.gxf3 Qa2+ 80.Kg1 1/2-1/2

[Event "14th EUR-ch"]
[Site "Legnica POL"]
[Date "2013.05.06"]
[Round "2"]
[White "Efimenko, Zahar"]
[Black "Donchenko, Alexander"]
[Result "0-1"]
[WhiteElo "2677"]
[BlackElo "2452"]
[EventDate "2013.05.05"]
[PlyCount "88"]

1.e4 c5 2.Nf3 d6 3.d4 cxd4 4.Nxd4 Nf6 5.Nc3 a6 6.a4 Nc6 7.Be2 e6 8.O-O Qc7
9.Nxc6 bxc6 10.f4 d5 11.e5 Nd7 12.Kh1 Be7 13.a5 O-O 14.Bd2 f6 15.exf6 Bxf6
16.Na4 Rb8 17.Rb1 e5 18.b4 Be7 19.fxe5 Nxe5 20.Rxf8+ Bxf8 21.Nb6 Bf5 22.h3
Bd6 23.Bxa6 Be4 24.Be3 Qe7 25.Qh5 Bxc2 26.Rb2 Bg6 27.Qe2 Nd3 28.Bxd3 Bxd3 
29.Qxd3 Qe5 30.Bg1 Qxb2 31.a6 Qa1 32.Nxd5 Re8 33.Nc3 Re1 34.Qc4+ Kh8 35.
Qd4 h6 36.a7 Be5 37.Qd8+ Kh7 38.Qd3+ Kh8 39.Qd8+ Kh7 40.Qd3+ g6 41.Qd7+ 
Bg7 42.Nd1 h5 43.Nf2 Rxg1+ 44.Kh2 Qf1 0-1

[Event "14th EUR-ch"]
[Site "Legnica POL"]
[Date "2013.05.06"]
[Round "2"]
[White "Khaetsky, Roman"]
[Black "Sutovsky, Emil"]
[Result "0-1"]
[WhiteElo "2426"]
[BlackElo "2673"]
[EventDate "2013.05.05"]
[PlyCount "114"]

1.f4 d5 2.Nf3 g6 3.g3 Bg7 4.Bg2 c6 5.Nc3 Nf6 6.e3 Bg4 7.h3 Bxf3 8.Qxf3 Na6
9.d3 Nb4 10.Qe2 Nh5 11.Kf2 d4 12.Nd1 dxe3+ 13.Nxe3 e5 14.f5 O-O 15.Be4 Nf4
16.Qd1 Nfd5 17.Kg2 Nf6 18.Qf3 Bh6 19.Ng4 Bxc1 20.Rhxc1 Nxg4 21.hxg4 Qg5 
22.c3 Na6 23.Qf2 Nc7 24.Rh1 Ne8 25.Qc5 Nf6 26.Qxe5 Nxe4 27.dxe4 Qxg4 28.
Rae1 Rad8 29.Qf4 Qxf4 30.gxf4 Rd2+ 31.Kf3 Rxb2 32.Rd1 gxf5 33.Rhg1+ Kh8 
34.exf5 Rxa2 35.f6 Rh2 36.Rg7 Rh6 37.Rxf7 Rxf6 38.Rxf6 Rxf6 39.Rd7 Rf8 40.
Rxb7 Ra8 41.f5 a5 42.f6 Rf8 43.Ra7 Rxf6+ 44.Ke4 Re6+ 45.Kf4 Kg8 46.c4 Rh6 
47.Kg5 Rd6 48.Rxa5 Kf7 49.Ra7+ Ke6 50.Rxh7 Ke5 51.c5 Rd4 52.Ra7 Rc4 53.Rd7
Rxc5 54.Kg4 Rd5 55.Rc7 c5 56.Kf3 Kd4 57.Ke2 Kc3 0-1

[Event "14th EUR-ch"]
[Site "Legnica POL"]
[Date "2013.05.06"]
[Round "2"]
[White "Potkin, Vladimir"]
[Black "Stachowiak, Kamil"]
[Result "1-0"]
[WhiteElo "2666"]
[BlackElo "2468"]
[EventDate "2013.05.05"]
[PlyCount "61"]

1.d4 d5 2.c4 e6 3.Nc3 Be7 4.cxd5 exd5 5.Bf4 Nf6 6.e3 O-O 7.Bd3 c6 8.Qc2 
Re8 9.Nf3 Nbd7 10.h3 Nf8 11.O-O-O a6 12.g4 Be6 13.Kb1 Qa5 14.Ng5 Rac8 15.
Nxe6 fxe6 16.g5 Nh5 17.Be5 g6 18.Be2 Ng7 19.h4 Nd7 20.h5 Nxe5 21.dxe5 Nf5 
22.Bg4 Kg7 23.hxg6 hxg6 24.Ne2 Qc7 25.Nf4 Bxg5 26.Nxe6+ Rxe6 27.Bxf5 gxf5 
28.Qxf5 Rg6 29.Rdg1 Rf8 30.Qxg5 Qf7 31.Qh6+ 1-0

[Event "14th EUR-ch"]
[Site "Legnica POL"]
[Date "2013.05.06"]
[Round "2"]
[White "Georgiev, Kiril"]
[Black "Svane, Rasmus"]
[Result "1/2-1/2"]
[WhiteElo "2657"]
[BlackElo "2440"]
[EventDate "2013.05.05"]
[PlyCount "73"]

1.d4 Nf6 2.c4 e6 3.Nc3 Bb4 4.Qc2 b6 5.e4 c5 6.a3 Bxc3+ 7.bxc3 Bb7 8.Bd3 b5
9.Rb1 bxc4 10.Rxb7 cxd3 11.Qxd3 cxd4 12.cxd4 O-O 13.Ne2 Qc8 14.Rb1 Qa6 15.
Qxa6 Nxa6 16.f3 d5 17.exd5 Nxd5 18.Kf2 Rfc8 19.Rd1 h6 20.Bf4 Rc2 21.Rd2 
Rac8 22.Rb2 Rxd2 23.Bxd2 Rc4 24.Rb7 Rc7 25.Rb5 Rc2 26.Ke1 Nac7 27.Rb8+ Kh7
28.Rb7 a6 29.Nf4 Nxf4 30.Bxf4 Nd5 31.Bd2 Kg6 32.Ra7 Nb6 33.Rxa6 Nc4 34.Bb4
Ne3 35.Bd2 Nc4 36.Bb4 Ne3 37.Bd2 1/2-1/2

[Event "14th EUR-ch"]
[Site "Legnica POL"]
[Date "2013.05.06"]
[Round "2"]
[White "Zviagintsev, Vadim"]
[Black "Aghasarian, Robert"]
[Result "1-0"]
[WhiteElo "2655"]
[BlackElo "2445"]
[EventDate "2013.05.05"]
[PlyCount "57"]

1.c4 Nf6 2.Nc3 c5 3.Nf3 e6 4.e3 d5 5.cxd5 exd5 6.d4 a6 7.Be2 Nc6 8.Ne5 Bd6
9.Nxc6 bxc6 10.dxc5 Bxc5 11.O-O O-O 12.b3 Bd6 13.Bb2 Qe7 14.Rc1 Qe5 15.g3 
Bh3 16.Re1 Qf5 17.Qd3 Qg5 18.f4 Qh6 19.Na4 Rac8 20.Bf3 a5 21.Re2 Rfe8 22.
Rec2 Ng4 23.Bxg4 Bxg4 24.Nb6 Rcd8 25.Rxc6 Bf3 26.Nc8 Be4 27.Qd4 Be5 28.
Qxe5 f6 29.Ne7+ 1-0

[Event "14th EUR-ch"]
[Site "Legnica POL"]
[Date "2013.05.06"]
[Round "2"]
[White "Antipov, Mikhail"]
[Black "Istratescu, Andrei"]
[Result "1/2-1/2"]
[WhiteElo "2464"]
[BlackElo "2651"]
[EventDate "2013.05.05"]
[PlyCount "81"]

1.e4 c5 2.Nf3 d6 3.d4 cxd4 4.Nxd4 Nf6 5.Nc3 a6 6.Be2 Nc6 7.O-O e6 8.Be3 
Be7 9.f4 O-O 10.Qe1 Nxd4 11.Bxd4 b5 12.Rd1 Bb7 13.Bd3 Qc7 14.a3 Rad8 15.
Qg3 d5 16.Be5 Qc5+ 17.Kh1 dxe4 18.Nxe4 Bxe4 19.Bxe4 g6 20.Bd3 Nd7 21.Bc3 
Qc7 22.Qe1 Bf6 23.Ba5 Nb6 24.c3 Rd5 25.Qf2 Qd7 26.Bxb6 Rxd3 27.Qe2 Rxd1 
28.Rxd1 Qb7 29.Bd4 Bxd4 30.Rxd4 Rc8 31.Qe5 Qe7 32.Qd6 Qxd6 33.Rxd6 a5 34.
Rb6 Rd8 35.h3 Rd5 36.Kh2 h5 37.Kg3 Kg7 38.h4 Kf6 39.Rb7 a4 40.Kf3 Kg7 41.
Ke4 1/2-1/2

[Event "14th EUR-ch"]
[Site "Legnica POL"]
[Date "2013.05.06"]
[Round "2"]
[White "Safarli, Eltaj"]
[Black "Kolosowski, Mateusz"]
[Result "1-0"]
[WhiteElo "2651"]
[BlackElo "2421"]
[EventDate "2013.05.05"]
[PlyCount "61"]

1.e4 e5 2.Nf3 Nc6 3.Bb5 f5 4.Nc3 fxe4 5.Nxe4 Nf6 6.Qe2 d5 7.Nxf6+ gxf6 8.
d4 Bg7 9.dxe5 O-O 10.O-O Bg4 11.Bxc6 bxc6 12.e6 Re8 13.Qd3 c5 14.Bf4 c4 
15.Qa3 Rxe6 16.Rfe1 Bf8 17.Qc3 Rb6 18.Nd4 Qd7 19.Qg3 Kh8 20.Bxc7 Rxb2 21.
h3 Bh5 22.Re6 Rb7 23.Bd6 Rb6 24.Bxf8 Rxf8 25.Rae1 Re8 26.Rxe8+ Bxe8 27.Qa3
Qf7 28.Nf5 Rb8 29.Qd6 Rb6 30.Qc5 Rc6 31.Qxa7 1-0

[Event "14th EUR-ch"]
[Site "Legnica POL"]
[Date "2013.05.06"]
[Round "2"]
[White "Manea, Alexandru"]
[Black "Socko, Bartosz"]
[Result "0-1"]
[WhiteElo "2389"]
[BlackElo "2647"]
[EventDate "2013.05.05"]
[PlyCount "120"]

1.Nf3 Nf6 2.c4 g6 3.g3 Bg7 4.Bg2 O-O 5.Nc3 d6 6.O-O c6 7.Rb1 d5 8.cxd5 
cxd5 9.d3 d4 10.Nb5 Nc6 11.Qa4 Nd5 12.Bd2 Nb6 13.Qd1 a6 14.Na3 Be6 15.Ra1 
Rc8 16.Ng5 Bd5 17.Bxd5 Qxd5 18.Nf3 e5 19.Qb3 Qxb3 20.axb3 Nd5 21.Rfc1 f6 
22.Nc4 Rfd8 23.Na5 Nxa5 24.Bxa5 Re8 25.Rc4 Bh6 26.Bd2 Bf8 27.Rac1 Rcd8 28.
Ba5 Ra8 29.Re1 Kf7 30.Kf1 Bd6 31.Rec1 Ke6 32.Ra1 g5 33.Bd2 g4 34.Ne1 h5 
35.e4 dxe3 36.fxe3 Nb6 37.Rc2 f5 38.Ng2 Rac8 39.Rac1 Rxc2 40.Rxc2 Rc8 41.
Rxc8 Nxc8 42.e4 Bc5 43.Be3 Bb4 44.exf5+ Kxf5 45.Ke2 Ne7 46.Bd2 Bc5 47.Be3 
Bd4 48.Bxd4 exd4 49.Ne1 Ke5 50.Nc2 Ng6 51.Na3 b5 52.Nc2 Ne7 53.Nb4 a5 54.
Nc2 b4 55.Ne1 Ng6 56.Ng2 Kf6 57.Ne1 h4 58.gxh4 Nxh4 59.Kf2 Kg5 60.Nc2 Nf5 
0-1

[Event "14th EUR-ch"]
[Site "Legnica POL"]
[Date "2013.05.06"]
[Round "2"]
[White "Lupulescu, Constantin"]
[Black "Nedilko, Vasyl"]
[Result "1-0"]
[WhiteElo "2634"]
[BlackElo "2396"]
[EventDate "2013.05.05"]
[PlyCount "55"]

1.Nf3 Nf6 2.c4 g6 3.Nc3 d5 4.cxd5 Nxd5 5.Qb3 Nb6 6.d4 Bg7 7.e4 Bg4 8.Bb5+ 
c6 9.Ng5 O-O 10.Be2 Bxe2 11.Nxe2 Na6 12.Qh3 h6 13.Nf3 h5 14.Rg1 Qd7 15.g4 
Nb4 16.Qh4 hxg4 17.Rxg4 Rfd8 18.Kf1 e5 19.Bd2 Nd3 20.b3 exd4 21.Ng5 c5 22.
Nf4 Ne5 23.Qh7+ Kf8 24.Nfe6+ fxe6 25.Rf4+ Ke7 26.Qxg7+ Kd6 27.Rf7 Qb5+ 28.
Kg1 1-0

[Event "14th EUR-ch"]
[Site "Legnica POL"]
[Date "2013.05.06"]
[Round "2"]
[White "Beliavsky, Alexander"]
[Black "Hagen, Andreas Skytte"]
[Result "1-0"]
[WhiteElo "2628"]
[BlackElo "2400"]
[EventDate "2013.05.05"]
[PlyCount "99"]

1.d4 Nf6 2.c4 g6 3.Nc3 Bg7 4.e4 d6 5.Nf3 O-O 6.Be2 e5 7.O-O Nc6 8.d5 Ne7 
9.Nd2 Ne8 10.b4 f5 11.c5 Nf6 12.f3 f4 13.Nc4 g5 14.g4 h5 15.h3 Rf7 16.a4 
Ng6 17.Ba3 Bf8 18.Kf2 Rh7 19.Rh1 Be7 20.Qg1 Qf8 21.cxd6 cxd6 22.Ke1 Bd7 
23.Kd2 Nh4 24.Kc2 Qb8 25.b5 hxg4 26.hxg4 Ne8 27.Qf2 Bd8 28.Kb2 Bc7 29.Rhc1
Qd8 30.a5 Qb8 31.b6 axb6 32.axb6 Bd8 33.Bb4 Ra6 34.Rcb1 Ng6 35.Rxa6 bxa6 
36.Kc2 Ne7 37.Ba3 Bc8 38.Na5 Bb7 39.Bc4 Kf8 40.Qe2 Nc8 41.Bxa6 Bxa6 42.
Qxa6 Bxb6 43.Nc4 Ra7 44.Qb5 Qc7 45.Rh1 Kf7 46.Rh8 Qd7 47.Nxe5+ dxe5 48.
Rf8+ Kg7 49.Rxe8 Qc7 50.d6 1-0

[Event "14th EUR-ch"]
[Site "Legnica POL"]
[Date "2013.05.06"]
[Round "2"]
[White "Lubczynski, Rafal"]
[Black "Miton, Kamil"]
[Result "0-1"]
[WhiteElo "2419"]
[BlackElo "2624"]
[EventDate "2013.05.05"]
[PlyCount "56"]

1.Nf3 d6 2.d4 g6 3.c4 Bg7 4.g3 f5 5.Bg2 Nf6 6.O-O O-O 7.Nc3 c6 8.b3 Qe8 9.
Ba3 a5 10.Qd3 Na6 11.Na4 Nb4 12.Bxb4 axb4 13.c5 e5 14.Qc4+ Be6 15.Qxb4 Nd5
16.Qd2 e4 17.Ng5 Bc8 18.Nh3 dxc5 19.Nxc5 Qe7 20.Rad1 Rd8 21.f4 b6 22.Na4 
Ba6 23.Rfe1 c5 24.dxc5 Nc3 25.Qc2 Nxd1 26.Rxd1 Rxd1+ 27.Qxd1 Rd8 28.Qc1 b5
0-1

[Event "14th EUR-ch"]
[Site "Legnica POL"]
[Date "2013.05.06"]
[Round "2"]
[White "Melkumian, Hrant"]
[Black "Vedder, Henk"]
[Result "1/2-1/2"]
[WhiteElo "2622"]
[BlackElo "2368"]
[EventDate "2013.05.05"]
[PlyCount "117"]

1.d4 b5 2.e4 Bb7 3.Bxb5 Bxe4 4.Nf3 c6 5.Ba4 e6 6.O-O Nf6 7.c4 h6 8.Nc3 Bh7
9.Bf4 Qb6 10.Qe2 Qa6 11.a3 Be7 12.b4 O-O 13.Rfc1 d6 14.c5 Qxe2 15.Nxe2 
dxc5 16.dxc5 Nfd7 17.Ned4 Rc8 18.Bd6 Bf6 19.Ra2 Be4 20.Nb3 Bd5 21.Rd2 a5 
22.Nxa5 Bd8 23.Bd1 Bxa5 24.bxa5 Rxa5 25.Rd3 Na6 26.Rdc3 Nf6 27.Nd2 Nc7 28.
a4 Be4 29.Rc4 Bg6 30.Rb4 Nfd5 31.Rb7 Raa8 32.h4 Bd3 33.Bh5 g6 34.Bd1 Ba6 
35.Rb3 Re8 36.Bc2 Kg7 37.Rg3 h5 38.Rb1 Ra7 39.Be5+ Kf8 40.Rgb3 Raa8 41.f3 
Kg8 42.Kf2 Rad8 43.R3b2 Ne7 44.Be4 f5 45.Bc2 Rxd2+ 46.Kg1 Ned5 47.Bd1 Rxb2
48.Rxb2 Kf7 49.Kf2 Ke7 50.Kg3 Ra8 51.Bb3 Bc8 52.Kf2 Ra7 53.Bd1 Kd7 54.Rb8 
Ra5 55.Bd4 e5 56.Bxe5 Rxc5 57.Bb2 Nf4 58.g3 Rd5 59.Bc2 1/2-1/2

[Event "14th EUR-ch"]
[Site "Legnica POL"]
[Date "2013.05.06"]
[Round "2"]
[White "Mastrovasilis, Dimitrios"]
[Black "Schroll, Gerhard"]
[Result "1-0"]
[WhiteElo "2610"]
[BlackElo "2387"]
[EventDate "2013.05.05"]
[PlyCount "120"]

1.e4 Nf6 2.e5 Nd5 3.d4 d6 4.Nf3 dxe5 5.Nxe5 c6 6.Be2 Nd7 7.Nf3 Qc7 8.O-O 
e6 9.Re1 Nf4 10.Bf1 Be7 11.c4 O-O 12.Nc3 Ng6 13.Be3 Nf6 14.Qe2 b6 15.g3 
Ba6 16.Rac1 Rfe8 17.a3 Rad8 18.b4 Bb7 19.h3 Qb8 20.Bg2 Bf8 21.Bg5 c5 22.
dxc5 bxc5 23.b5 Be7 24.Rcd1 h6 25.Bc1 Qa8 26.a4 a6 27.Rxd8 Rxd8 28.Rd1 
axb5 29.axb5 Rxd1+ 30.Nxd1 Bd6 31.Bb2 Nd7 32.Ne3 Nde5 33.Bxe5 Bxe5 34.Nd2 
Bxg2 35.Nxg2 Bd4 36.Ne1 e5 37.Nef3 Qa2 38.Qe4 Qb2 39.Qb1 Qxb1+ 40.Nxb1 Nf8
41.Nxd4 exd4 42.b6 Nd7 43.b7 Kf8 44.Nd2 Ke7 45.Ne4 Nb8 46.Nxc5 Kd6 47.Nb3 
Kc7 48.Nxd4 g6 49.Nb5+ Kc6 50.Kg2 f6 51.Kf3 Kc5 52.Ke4 Kxc4 53.Nd6+ Kc5 
54.Nf7 Kc6 55.Nxh6 Nd7 56.Ng8 Kxb7 57.Kd5 f5 58.Kd6 Nb6 59.Ne7 Nc4+ 60.Ke6
Nd2 1-0

[Event "14th EUR-ch"]
[Site "Legnica POL"]
[Date "2013.05.06"]
[Round "2"]
[White "Andriasian, Zaven"]
[Black "Vuilleumier, Alexandre"]
[Result "1-0"]
[WhiteElo "2608"]
[BlackElo "2319"]
[EventDate "2013.05.05"]
[PlyCount "83"]

1.e4 e5 2.Nf3 Nc6 3.Bc4 Bc5 4.b4 Bxb4 5.c3 Be7 6.d4 Na5 7.Be2 d5 8.dxe5 
dxe4 9.Qa4+ Nc6 10.Qxe4 Be6 11.O-O Qd5 12.Qf4 O-O-O 13.Na3 h6 14.Nb5 a6 
15.Nbd4 g5 16.Qg3 Bc5 17.Be3 Bxd4 18.Nxd4 Nxd4 19.cxd4 Ne7 20.Bf3 Qa5 21.
Rab1 Bd5 22.Rfc1 Bxf3 23.Qxf3 Qd5 24.Qe2 Rd7 25.Qb2 c6 26.Rc5 Qe4 27.d5 
Rhd8 28.d6 Nf5 29.Rxc6+ Qxc6 30.Rc1 Nxe3 31.Rxc6+ bxc6 32.fxe3 f6 33.exf6 
Rxd6 34.Qe5 Rd1+ 35.Kf2 R8d2+ 36.Kg3 Rf1 37.e4 Rf5 38.Qc3 Rd6 39.e5 Re6 
40.Qc5 Kd7 41.Qa7+ Ke8 42.Qg7 1-0

[Event "14th EUR-ch"]
[Site "Legnica POL"]
[Date "2013.05.06"]
[Round "2"]
[White "Zawadzka, Jolanta"]
[Black "Zhigalko, Andrei"]
[Result "0-1"]
[WhiteElo "2383"]
[BlackElo "2603"]
[EventDate "2013.05.05"]
[PlyCount "264"]

1.e4 c5 2.Nf3 e6 3.d4 cxd4 4.Nxd4 a6 5.Bd3 Nf6 6.Qe2 d6 7.O-O g6 8.c4 Bg7 
9.Be3 O-O 10.Nc3 b6 11.Rfd1 Bb7 12.Rac1 Nbd7 13.Nf3 Qc7 14.h3 Rfd8 15.Bg5 
Rac8 16.b3 Qb8 17.Qe3 Ba8 18.Qf4 Rc6 19.Bf1 Rdc8 20.a4 Ne8 21.Bh6 Ne5 22.
Nd4 R6c7 23.Bxg7 Kxg7 24.Qe3 Nc6 25.f4 Re7 26.Nf3 Nf6 27.Rxd6 Qxd6 28.e5 
Ng4 29.exd6 Nxe3 30.dxe7 Nxf1 31.Kxf1 Nxe7 32.Nd4 h6 33.g3 g5 34.Kf2 Kf6 
35.Nce2 Ng6 36.Ke3 Bg2 37.Nc3 gxf4+ 38.gxf4 Rd8 39.Nce2 h5 40.Ng3 h4 41.
Nh5+ Ke7 42.Rg1 Bb7 43.f5 exf5 44.Nxf5+ Ke6 45.Nfg7+ Ke5 46.Rg5+ Kd6 47.
Nf4 Nxf4 48.Kxf4 Rh8 49.a5 bxa5 50.Rxa5 Kc6 51.Nf5 Bc8 52.b4 Rd8 53.Ke4 
Bb7 54.Nxh4 Rh8 55.Nf5 Rxh3 56.Ke5 Kc7 57.Kf6 Rb3 58.b5 Kb6 59.Ra4 axb5 
60.cxb5 Rf3 61.Ke5 Kxb5 62.Rh4 Kc5 63.Rh7 Bd5 64.Rh2 Bb3 65.Rh4 Rf2 66.Rh6
Be6 67.Rf6 Re2+ 68.Kf4 Kd5 69.Ne3+ Kd6 70.Nf5+ Kd5 71.Ne3+ Kc5 72.Nf5 Rh2 
73.Nh6 Rg2 74.Ke3 Rg3+ 75.Kf4 Rg1 76.Ke3 Rg7 77.Ke4 Rh7 78.Ke5 Bd5 79.Nf5 
Rh1 80.Nh6 Re1+ 81.Kf5 Be6+ 82.Kg5 Rg1+ 83.Kh5 Rh1+ 84.Kg5 Rg1+ 85.Kh5 Kd6
86.Nxf7+ Ke7 87.Rf4 Bxf7+ 88.Kh4 Be6 89.Rf3 Kd6 90.Rg3 Rf1 91.Kg5 Bf5 92.
Re3 Kd5 93.Re2 Be4 94.Re3 Ke5 95.Rg3 Rf8 96.Kg4 Rf5 97.Ra3 Rf4+ 98.Kg3 Rf8
99.Ra5+ Bd5 100.Ra4 Rb8 101.Ra5 Rb4 102.Rc5 Ke4 103.Ra5 Bc6 104.Ra3 Rd4 
105.Kf2 Bd5 106.Kg3 Kf5 107.Ra5 Rd3+ 108.Kf2 Kf4 109.Ra4+ Be4 110.Ra2 Rf3+
111.Ke1 Rh3 112.Rf2+ Ke3 113.Re2+ Kd4 114.Kd2 Ra3 115.Rf2 Bf3 116.Kc1 Ke3 
117.Kb2 Ra6 118.Rc2 Bd5 119.Rc3+ Kd4 120.Ra3 Rf6 121.Ra4+ Bc4 122.Ra3 Rf2+
123.Kc1 Rh2 124.Kd1 Bd3 125.Kc1 Rc2+ 126.Kd1 Ke3 127.Rb3 Rc7 128.Ra3 Rb7 
129.Ra1 Rb6 130.Kc1 Ke2 131.Ra2+ Ke1 132.Ra1 Rb5 0-1

[Event "14th EUR-ch"]
[Site "Legnica POL"]
[Date "2013.05.06"]
[Round "2"]
[White "Salgado Lopez, Ivan"]
[Black "Pavlidis, Anastasios"]
[Result "1-0"]
[WhiteElo "2598"]
[BlackElo "2360"]
[EventDate "2013.05.05"]
[PlyCount "93"]

1.e4 c5 2.c3 Nf6 3.e5 Nd5 4.d4 cxd4 5.cxd4 d6 6.Nf3 Nc6 7.Bc4 Nb6 8.Bb5 
dxe5 9.Nxe5 Bd7 10.Nxd7 Qxd7 11.O-O g6 12.Nc3 Bg7 13.Be3 Rd8 14.Qf3 O-O 
15.Rfd1 Nd5 16.Rac1 e6 17.Nxd5 Qxd5 18.Qxd5 Rxd5 19.Bxc6 bxc6 20.Rxc6 Rfd8
21.Ra6 R8d7 22.Kf1 e5 23.Rc1 exd4 24.Rc8+ Rd8 25.Rxd8+ Rxd8 26.Bd2 Rd7 27.
b4 Kf8 28.Ke2 d3+ 29.Kd1 Bd4 30.Be3 Bxe3 31.fxe3 d2 32.e4 Kg7 33.e5 Kh6 
34.Rd6 Rb7 35.a3 a5 36.bxa5 Rb3 37.Kxd2 Rxa3 38.a6 Kg5 39.Rf6 h5 40.Kc2 h4
41.Kb2 Ra5 42.Kb3 Rxe5 43.Rxf7 h3 44.gxh3 Re3+ 45.Kb4 Rxh3 46.a7 Rh8 47.
Kb5 1-0

[Event "14th EUR-ch"]
[Site "Legnica POL"]
[Date "2013.05.06"]
[Round "2"]
[White "Kulaots, Kaido"]
[Black "Papasimakopoulos, Alexandros"]
[Result "1-0"]
[WhiteElo "2586"]
[BlackElo "2242"]
[EventDate "2013.05.05"]
[PlyCount "53"]

1.e4 e6 2.d4 d5 3.Nd2 dxe4 4.Nxe4 Nd7 5.Nf3 Ngf6 6.Nxf6+ Nxf6 7.Be3 Be7 8.
Bd3 b6 9.Ne5 Qd5 10.Qe2 Bb7 11.Bb5+ c6 12.Bc4 Qxg2 13.O-O-O O-O 14.Rhg1 
Qh3 15.Rg3 Qh5 16.Rdg1 g6 17.Qf1 Nd5 18.Bd2 c5 19.Ng4 Kh8 20.Rh3 Bh4 21.
Be2 g5 22.Ne5 Qh6 23.Nf3 Nf4 24.Bxf4 Bxf3 25.Bxf3 gxf4 26.Rg4 Qh5 27.Rgxh4
1-0

[Event "14th EUR-ch"]
[Site "Legnica POL"]
[Date "2013.05.06"]
[Round "2"]
[White "Parligras, Mircea"]
[Black "Chudinovskikh, Alexander"]
[Result "1-0"]
[WhiteElo "2570"]
[BlackElo "2296"]
[EventDate "2013.05.05"]
[PlyCount "97"]

1.d4 Nf6 2.c4 e6 3.Nf3 c5 4.d5 exd5 5.cxd5 d6 6.Nc3 g6 7.Nd2 Nbd7 8.e4 Bg7
9.Be2 O-O 10.O-O a6 11.a4 Ne8 12.Re1 Rb8 13.Nc4 Ne5 14.Ne3 f5 15.f4 Nf7 
16.exf5 gxf5 17.Bd3 Nh6 18.Qc2 Bd7 19.a5 Nc7 20.Bd2 Kh8 21.g3 Qf6 22.Kg2 
Qf7 23.Qb3 Ng4 24.Bc4 Bd4 25.Nc2 Nb5 26.Bxb5 axb5 27.Nxd4 cxd4 28.Nxb5 Bc6
29.Nc3 Nf6 30.Kg1 dxc3 31.Bxc3 Qxd5 32.Qxd5 Bxd5 33.Rad1 Be4 34.Rxd6 Kg7 
35.g4 Kg6 36.g5 Kh5 37.gxf6 Kg4 38.Kf2 Kxf4 39.Rg1 Rbe8 40.Rd7 Bc6 41.Rxh7
Rh8 42.Rxh8 Rxh8 43.h4 Bd5 44.Rd1 Be4 45.f7 Rxh4 46.Bd2+ Ke5 47.f8=Q Rh2+ 
48.Kg3 Rg2+ 49.Kh3 1-0

[Event "14th EUR-ch"]
[Site "Legnica POL"]
[Date "2013.05.06"]
[Round "2"]
[White "Grigorian, Karen"]
[Black "Cherednichenko, Elena"]
[Result "1-0"]
[WhiteElo "2559"]
[BlackElo "2168"]
[EventDate "2013.05.05"]
[PlyCount "105"]

1.c4 e5 2.Nc3 Nc6 3.g3 g6 4.Bg2 Bg7 5.e3 d6 6.Nge2 Nf6 7.d3 O-O 8.O-O Be6 
9.Nd5 Qd7 10.e4 Ne8 11.Bd2 a5 12.Bc3 Bg4 13.f3 Be6 14.d4 exd4 15.Nxd4 Ne5 
16.b3 Bh3 17.f4 Bxg2 18.Kxg2 Nc6 19.Qd2 Nxd4 20.Bxd4 Qe6 21.Rae1 Bxd4 22.
Qxd4 f6 23.c5 c6 24.f5 gxf5 25.Nf4 Qe5 26.Qc4+ Kh8 27.Nd3 Qe7 28.exf5 Qf7 
29.Qh4 Ng7 30.cxd6 Qd5+ 31.Qe4 Qxd6 32.Qf3 Rad8 33.Nf2 Rde8 34.Rd1 Qe5 35.
g4 Rd8 36.Rfe1 Qc7 37.Qc3 Rxd1 38.Rxd1 Ne8 39.Rd4 c5 40.Rd5 b6 41.Qd3 Rg8 
42.h3 Qc6 43.Ne4 Rg7 44.Kf2 Re7 45.h4 Qc7 46.Kf3 Qc6 47.g5 Rf7 48.Rd8 fxg5
49.Qc3+ Kg8 50.Qe5 Rf8 51.hxg5 Ng7 52.Qf6 Ne6 53.Rxf8+ 1-0